Aufbau von Cilien und Flagellen - Statistiken

Allgemein
  • Dieses Quiz wurde 17 mal gespielt
  • Das Durchschnittsergebnis liegt bei 4 aus 8
Antwortstatistiken
Bildquiz Antwort % Korrekt
2. Zellmembran
100%
3. Nexin
100%
1. zentrales Mikrotubuluspaar
50%
6. Innerer Dynein Arm
50%
7. äusserer Dynein Arm
50%
8. Speiche
50%
4. Hülle der zentralen Mikrotubuli
0%
5. peripheres Mikrotubulus-Duplett
0%
Keine übereinstimmenden Quizze gefunden
Verteilung der Resultate
Anzahl Personen mit jedem Resultat
Perzentil nach korrekt beantworteten Fragen
Ihre Resultats-Entwicklung
Sie haben dieses Quiz noch nicht gespielt